| 000 | 00911cam a2200253 a 4500 | ||
|---|---|---|---|
| 001 | BD-DhSAU 958 | ||
| 001 | 3330003 | ||
| 003 | BD-DhSAU | ||
| 005 | 20150108014151.0 | ||
| 008 | 841207s1984 ii 100 0 eng | ||
| 020 | _cRs150.00 | ||
| 040 | _aBD-DhSAU | ||
| 082 | 0 | 0 |
_a630.92 _222 _bAGR |
| 245 | 0 | 0 |
_aAgricultural development and the small farmer : _breport on the Seminar / _cinaugurated by Rajiv Gandhi ; organised by All India Congress Committee (I), Kisan Cell. |
| 260 |
_aNew Delhi : _bS. Chand, _c1984. |
||
| 300 |
_a279 p. ; _c23 cm. |
||
| 520 | _aChiefly speeches and papers. | ||
| 590 | _aroy | ||
| 650 | 0 |
_aAgriculture and state _zIndia _vCongresses. |
|
| 650 | 0 |
_aAgriculture _xEconomic aspects _zIndia _vCongresses. |
|
| 650 | 0 |
_aFarms, Small _zIndia _vCongresses. |
|
| 700 | 1 |
_aGandhi, Rajiv, _d1944-1991. |
|
| 710 | 2 |
_aIndian National Congress (1). _bAll India Congress Committee. _bKisan Cell. |
|
| 942 |
_2ddc _cBOOK |
||
| 999 |
_c958 _d958 |
||